[Event "Charleville Mezieres op 14th"]
[Site "Charleville Mezieres"]
[Date "2017.12.26"]
[Round "4"]
[White "Decruyenaere, Robbert"]
[Black "Prioux, Michel"]
[Result "1-0"]
[WhiteElo "1779"]
[BlackElo "1689"]
[PlyCount "28"]
[EventDate "2017.12.26"]
[EventType "swiss"]
[EventRounds "7"]
[EventCountry "FRA"]
[SourceTitle "CBM 182 Extra"]
[Source "ChessBase"]
[SourceDate "2018.02.23"]
[SourceVersion "1"]
[SourceVersionDate "2018.02.23"]
[SourceQuality "1"]

1. e4 c5 2. Nf3 g6 3. d4 cxd4 4. Nxd4 Bg7 5. c4 Nc6 6. Be3 Nf6 7. Nc3 d6 8. Be2 0-0 9. 0-0 Nxd4 10. Bxd4 a5 11. f3 Be6 12. Qd2 a4 13. Rac1 Qa5 14. Rc2 Rfc8 1-0

[Event "Charleville Mezieres op 14th"]
[Site "Charleville Mezieres"]
[Date "2017.12.26"]
[Round "1"]
[White "Prioux, Michel"]
[Black "Picot, Nathan"]
[Result "1-0"]
[WhiteElo "1689"]
[BlackElo "1203"]
[PlyCount "37"]
[EventDate "2017.12.26"]
[EventType "swiss"]
[EventRounds "7"]
[EventCountry "FRA"]
[SourceTitle "CBM 182 Extra"]
[Source "ChessBase"]
[SourceDate "2018.02.23"]
[SourceVersion "1"]
[SourceVersionDate "2018.02.23"]
[SourceQuality "1"]

1. c4 e5 2. g3 Nf6 3. Bg2 c6 4. Nc3 d5 5. cxd5 cxd5 6. d4 e4 7. Nh3 Nc6 8. Bg5 Be7 9. e3 h6 10. Bxf6 Bxf6 11. Qb3 Ne7 12. Nf4 b6 13. Nfxd5 Nxd5 14. Nxd5 Be6 15. Nxf6+ Qxf6 16. Qa3 a5 17. 0-0 Rc8 18. Rac1 b5 19. Rc7 1-0

[Event "Charleville Mezieres op 14th"]
[Site "Charleville Mezieres"]
[Date "2017.12.26"]
[Round "3"]
[White "Prioux, Michel"]
[Black "Van Malder, Dries"]
[Result "0-1"]
[WhiteElo "1689"]
[BlackElo "2018"]
[PlyCount "68"]
[EventDate "2017.12.26"]
[EventType "swiss"]
[EventRounds "7"]
[EventCountry "FRA"]
[SourceTitle "CBM 182 Extra"]
[Source "ChessBase"]
[SourceDate "2018.02.23"]
[SourceVersion "1"]
[SourceVersionDate "2018.02.23"]
[SourceQuality "1"]

1. c4 e5 2. g3 d6 3. Bg2 f5 4. d4 e4 5. Nc3 Be7 6. Nd5 Nf6 7. Nxe7 Qxe7 8. Bg5 0-0 9. Nh3 Nbd7 10. Nf4 Qf7 11. Bxf6 Nxf6 12. Qb3 g5 13. Nd5 Nxd5 14. cxd5 b6 15. h4 g4 16. e3 Bb7 17. Rc1 Rfc8 18. Bf1 Bxd5 19. Bc4 Bxc4 20. Qxc4 c5 21. Qxf7+ Kxf7 22. dxc5 bxc5 23. Ke2 Rab8 24. Rc2 Ke6 25. Rd1 d5 26. Rcd2 Rd8 27. b3 Rbc8 28. Rc2 d4 29. exd4 cxd4 30. Rxc8 d3+ 31. Kd2 Rxc8 32. Rc1 Rxc1 33. Kxc1 f4 34. Kd2 e3+ 0-1

[Event "Charleville Mezieres op 14th"]
[Site "Charleville Mezieres"]
[Date "2017.12.26"]
[Round "2"]
[White "Pytel, Bozena"]
[Black "Prioux, Michel"]
[Result "0-1"]
[WhiteElo "1882"]
[BlackElo "1689"]
[PlyCount "31"]
[EventDate "2017.12.26"]
[EventType "swiss"]
[EventRounds "7"]
[EventCountry "FRA"]
[SourceTitle "CBM 182 Extra"]
[Source "ChessBase"]
[SourceDate "2018.02.23"]
[SourceVersion "1"]
[SourceVersionDate "2018.02.23"]
[SourceQuality "1"]

1. Nf3 Nf6 2. d4 e6 3. e3 c5 4. Bd3 cxd4 5. exd4 b6 6. Nbd2 Bb7 7. 0-0 Be7 8. Re1 0-0 9. b3 d6 10. Nf1 Nbd7 11. Ng3 Re8 12. c4 a5 13. Bb2 a4 14. Ng5 h6 15. Nh3 a3 16. Bc3 0-1

[Event "Charleville Mezieres op 11th"]
[Site "Charleville Mezieres"]
[Date "2014.??.??"]
[Round "1"]
[White "Pierquin, Jean Bernard"]
[Black "Prioux, Michel"]
[Result "0-1"]
[WhiteElo "1399"]
[BlackElo "1730"]
[PlyCount "66"]
[EventDate "2014.12.26"]
[EventType "swiss"]
[EventRounds "7"]
[EventCountry "FRA"]
[SourceTitle "CBM 164 Extra"]
[Source "ChessBase"]
[SourceDate "2015.03.02"]
[SourceVersion "1"]
[SourceVersionDate "2015.03.02"]
[SourceQuality "1"]

1. d4 Nf6 2. Bf4 e6 3. Nf3 c5 4. Nc3 d5 5. g3 Nc6 6. Bg2 Be7 7. Nb5 0-0 8. Nc7 Nh5 9. Nxa8 Nxf4 10. gxf4 Bd7 11. Ne5 Nxd4 12. e4 Bc6 13. c3 Nb5 14. a4 Nd6 15. exd5 Bxd5 16. Bxd5 exd5 17. Qxd5 Qxa8 18. Nd7 Re8 19. 0-0-0 Qc8 20. Ne5 Qf5 21. Qf3 Ne4 22. h4 Bd6 23. Nd3 c4 24. Rhe1 cxd3 25. Rxd3 Bxf4+ 26. Kc2 g6 27. Red1 Nc5 28. Kb1 Nxd3 29. Rxd3 Rd8 30. Kc2 Rxd3 31. Qxd3 Qxd3+ 32. Kxd3 Kf8 33. b4 Ke7 0-1

[Event "FRA-chT4"]
[Site "France"]
[Date "2013.02.10"]
[Round "6"]
[White "Prioux, Michel"]
[Black "Vilmin, Jean Francois"]
[Result "1-0"]
[WhiteElo "1774"]
[BlackElo "1680"]
[PlyCount "63"]
[EventDate "2012.10.24"]
[EventType "team-swiss"]
[EventRounds "9"]
[EventCountry "FRA"]
[SourceTitle "EXT 2014"]
[Source "ChessBase"]
[SourceDate "2013.11.20"]
[SourceVersion "1"]
[SourceVersionDate "2013.11.20"]
[SourceQuality "1"]

1. c4 Nf6 2. Nc3 g6 3. g3 Bg7 4. Bg2 0-0 5. d3 c6 6. e4 d6 7. Nge2 e5 8. 0-0 Bg4 9. h3 Be6 10. f4 Qb6+ 11. Kh2 Na6 12. f5 Bd7 13. g4 h6 14. Ng3 Kh7 15. Qe2 Qd8 16. Be3 Nc7 17. Qd2 Ng8 18. g5 hxg5 19. Bxg5 Bf6 20. Be3 b5 21. Rf3 b4 22. Nce2 a5 23. Raf1 d5 24. Bc5 dxe4 25. fxg6+ fxg6 26. Nxe4 Ne6 27. Bxf8 Nf4 28. Nxf4 Bg5 29. Nxg5+ Qxg5 30. Rg3 Qh4 31. Nxg6 Qh5 32. Rf7# 1-0

[Event "FRA-chT4"]
[Site "France"]
[Date "2013.01.27"]
[Round "5"]
[White "Prioux, Michel"]
[Black "Hascher, Nicolas"]
[Result "0-1"]
[WhiteElo "1774"]
[BlackElo "1948"]
[PlyCount "68"]
[EventDate "2012.10.24"]
[EventType "team-swiss"]
[EventRounds "9"]
[EventCountry "FRA"]
[SourceTitle "EXT 2014"]
[Source "ChessBase"]
[SourceDate "2013.11.20"]
[SourceVersion "1"]
[SourceVersionDate "2013.11.20"]
[SourceQuality "1"]

1. c4 Nf6 2. g3 c6 3. Bg2 d5 4. b3 g6 5. Bb2 Bg7 6. Nf3 0-0 7. 0-0 Nbd7 8. d3 Qc7 9. Nbd2 e5 10. Qc2 d4 11. b4 a5 12. a3 c5 13. bxc5 Nxc5 14. a4 Bd7 15. e3 e4 16. Nxd4 exd3 17. Qd1 Rfe8 18. Nb5 Bxb5 19. cxb5 Rad8 20. Bd4 Nd5 21. Rc1 b6 22. Nb3 Nb4 23. Nxc5 bxc5 24. Rxc5 Qd6 25. Rc4 Qe6 26. Rxb4 axb4 27. Qxd3 Bxd4 28. exd4 Qa2 29. Bc6 Re6 30. d5 Rxc6 31. bxc6 Rxd5 32. Qa6 Qc2 33. Qa8+ Kg7 34. c7 Rc5 0-1

[Event "FRA-chT4"]
[Site "France"]
[Date "2013.01.13"]
[Round "4.5"]
[White "Prioux, Michel"]
[Black "Baret, Benoit"]
[Result "1-0"]
[WhiteElo "1779"]
[BlackElo "1720"]
[PlyCount "87"]
[EventDate "2012.10.24"]
[EventType "team-swiss"]
[EventRounds "9"]
[EventCountry "FRA"]
[SourceTitle "EXT 2014"]
[Source "ChessBase"]
[SourceDate "2013.11.20"]
[SourceVersion "1"]
[SourceVersionDate "2013.11.20"]
[SourceQuality "1"]

1. c4 Nf6 2. Nc3 c5 3. Nf3 Nc6 4. g3 g6 5. Bg2 Bg7 6. 0-0 0-0 7. d3 b6 8. Rb1 Bb7 9. a3 d6 10. Qc2 Rb8 11. b4 Re8 12. h3 Qd7 13. Kh2 Rbd8 14. e4 e6 15. Bg5 Ne7 16. e5 dxe5 17. Nxe5 Qc7 18. Bxb7 Qxe5 19. Be3 cxb4 20. axb4 Qc7 21. Bg2 Nf5 22. Nb5 Qd7 23. Rfd1 Nxe3 24. fxe3 a6 25. Nd4 Bh6 26. Bc6 Qd6 27. Bxe8 Rxe8 28. Qf2 Bg7 29. Nb3 Nd7 30. d4 Rb8 31. Rf1 f5 32. c5 Qc6 33. Qf3 Rc8 34. Qxc6 Rxc6 35. Kg2 Nf6 36. Nd2 bxc5 37. bxc5 e5 38. Rb6 Rxb6 39. cxb6 Nd7 40. b7 exd4 41. exd4 Bxd4 42. Nc4 Ba7 43. Na5 Bb8 44. Rd1 1-0

[Event "FRA-chT4 1011"]
[Site "Champagne Ardennes"]
[Date "2011.02.06"]
[Round "5"]
[White "Prioux, Michel"]
[Black "Marchal, Ludovic"]
[Result "1-0"]
[WhiteElo "1802"]
[BlackElo "1660"]
[PlyCount "79"]
[EventDate "2010.10.10"]
[EventType "team-tourn"]
[EventRounds "7"]
[EventCountry "FRA"]
[SourceTitle "EXT 2024"]
[Source "ChessBase"]
[SourceDate "2023.10.10"]
[SourceVersion "1"]
[SourceVersionDate "2023.10.10"]
[SourceQuality "1"]

1. Nf3 Nf6 2. d4 g6 3. c4 Bg7 4. Nc3 0-0 5. Bf4 d6 6. h3 c5 7. d5 Nh5 8. Bg5 h6 9. Bd2 e6 10. e4 exd5 11. exd5 Re8+ 12. Be2 Qe7 13. Be3 Na6 14. 0-0 Nf6 15. Qd2 Kh7 16. a3 Nd7 17. Rfe1 Nc7 18. Bd3 Qf6 19. Bf4 Ne5 20. Nxe5 dxe5 21. Bg3 Bf5 22. Ne4 Bxe4 23. Rxe4 Qd6 24. Rae1 Re7 25. f4 Rae8 26. Bh4 Bf6 27. Bxf6 Qxf6 28. Qe2 Qg7 29. fxe5 Rd7 30. Bc2 b5 31. d6 Ne6 32. cxb5 Nd4 33. Qc4 Nxc2 34. Qxc2 f6 35. Qxc5 Rxe5 36. Rxe5 fxe5 37. Rxe5 Qf7 38. Re7 Rxe7 39. dxe7 Kg7 40. Qe5+ 1-0

[Event "FRA-chT4"]
[Site "Champagne Ardenne"]
[Date "2005.02.07"]
[Round "5"]
[White "Lambert, Alban"]
[Black "Prioux, Michel"]
[Result "0-1"]
[WhiteElo "1640"]
[BlackElo "1810"]
[PlyCount "82"]
[EventDate "2005.01.09"]
[EventRounds "7"]
[EventCountry "FRA"]
[SourceTitle "EXT 2007"]
[Source "ChessBase"]
[SourceDate "2006.11.23"]
[SourceVersion "1"]
[SourceVersionDate "2006.11.23"]
[SourceQuality "1"]

1. Nf3 d5 2. d3 c6 3. Nbd2 Bf5 4. g3 h6 5. Bg2 Nf6 6. 0-0 e6 7. b3 Be7 8. Bb2 Nbd7 9. Re1 0-0 10. e4 dxe4 11. dxe4 Bh7 12. c4 Nc5 13. Bd4 Ncxe4 14. Nxe4 Nxe4 15. Ne5 Nf6 16. c5 Qc7 17. Qf3 Rad8 18. Qc3 Ne8 19. Be4 Bxe4 20. Rxe4 Nf6 21. Rae1 Nxe4 22. Rxe4 Bf6 23. Rg4 Rxd4 24. Qxd4 Qxe5 25. Qd7 Qb8 26. Qd3 Rd8 27. Qf3 Qe5 28. Re4 Qxc5 29. Rg4 Qe5 30. Ra4 a6 31. Qe3 Rd1+ 32. Kg2 Qd5+ 33. Re4 Bg5 34. Qf3 f5 35. Rc4 Rg1+ 36. Kxg1 Qxf3 37. Rd4 Bf6 38. Rd7 c5 39. Rc7 Bd4 40. Rxb7 Qxf2+ 41. Kh1 Qf3# 0-1

[Event "FRA-chT4 0304"]
[Site "Champagne Ardenne"]
[Date "2004.01.18"]
[Round "4"]
[White "Marchal, Ludovic"]
[Black "Prioux, Michel"]
[Result "0-1"]
[WhiteElo "1400"]
[BlackElo "1800"]
[PlyCount "110"]
[EventDate "2003.10.??"]
[EventRounds "6"]
[EventCountry "FRA"]
[SourceTitle "EXT 2005"]
[Source "ChessBase"]
[SourceDate "2004.11.15"]
[SourceVersion "1"]
[SourceVersionDate "2004.11.15"]
[SourceQuality "1"]

1. c4 c6 2. Nc3 d5 3. e3 Nf6 4. Nf3 a6 5. cxd5 cxd5 6. d4 e6 7. Bd3 Bd6 8. 0-0 b5 9. a3 Bb7 10. Re1 Nbd7 11. Nd2 0-0 12. e4 e5 13. Nf3 Qc7 14. dxe5 Nxe5 15. Nxe5 Bxe5 16. exd5 Bxh2+ 17. Kh1 Bf4 18. Qf3 Bxc1 19. Raxc1 Qd6 20. Be4 Rfe8 21. Qd3 Re5 22. Re3 Nxe4 23. Nxe4 Qh6+ 24. Kg1 Rxd5 25. Qc3 Rad8 26. Ree1 Rh5 27. Ng3 Rh2 28. f3 Rh4 29. Nf5 Rh1+ 30. Kf2 Qb6+ 31. Kg3 Qg6+ 32. Kf4 Rh5 33. Ne7+ Kf8 34. Nxg6+ hxg6 35. Qc5+ Rxc5 36. Rxc5 Rb8 37. Ke5 Rd8 38. Rc7 Re8+ 39. Kd6 Rxe1 40. Rxb7 f5 41. Ra7 Re2 42. b4 Rxg2 43. Ke5 Re2+ 44. Kf4 Re6 45. Kg5 Kg8 46. Kf4 Kh7 47. Ra8 Rc6 48. Kg5 Rb6 49. f4 Rc6 50. Ra7 Rd6 51. Ra8 Rd1 52. Kh4 Rd4 53. Kg5 Rd3 54. Rxa6 Rh3 55. Rxg6 Rg3+ 0-1

[Event "FRA-chT4 0304"]
[Site "Champagne Ardenne"]
[Date "2003.12.07"]
[Round "3"]
[White "Robert, Emmanuel"]
[Black "Prioux, Michel"]
[Result "0-1"]
[WhiteElo "1580"]
[BlackElo "1790"]
[PlyCount "87"]
[EventDate "2003.10.??"]
[EventRounds "6"]
[EventCountry "FRA"]
[SourceTitle "EXT 2005"]
[Source "ChessBase"]
[SourceDate "2004.11.15"]
[SourceVersion "1"]
[SourceVersionDate "2004.11.15"]
[SourceQuality "1"]

1. e4 c6 2. d4 d5 3. e5 Bf5 4. g4 Bd7 5. Bd3 e6 6. Nf3 c5 7. Ng5 Nh6 8. Nxh7 Be7 9. Bxh6 gxh6 10. Nf6+ Bxf6 11. exf6 cxd4 12. Qf3 Bc6 13. Qf4 Nd7 14. Qxd4 Qxf6 15. Qxf6 Nxf6 16. f3 Nd7 17. Nc3 a6 18. Rf1 0-0-0 19. b4 Nf6 20. 0-0-0 d4 21. Ne4 Nd5 22. Rd2 Nxb4 23. Kb2 Nd5 24. h4 Ne3 25. Rff2 e5 26. Be2 Bd5 27. Ka1 Bc4 28. Bxc4 Nxc4 29. Rd3 Ne3 30. Re2 Nd5 31. Rb3 b6 32. c4 Nf4 33. Rd2 Kc7 34. Nf2 Ne6 35. Nd3 f6 36. Re2 Nc5 37. Nxc5 bxc5 38. f4 d3 39. Rd2 e4 40. Kb1 Rb8 41. Kc1 Rxb3 42. axb3 Rb8 43. Kb2 Re8 44. Kc1 0-1

[Event "FRA-chT4 0304"]
[Site "Champagne Ardenne"]
[Date "2003.10.12"]
[Round "1"]
[White "Djellouli, Hassine"]
[Black "Prioux, Michel"]
[Result "1-0"]
[WhiteElo "1920"]
[BlackElo "1790"]
[PlyCount "51"]
[EventDate "2003.10.??"]
[EventRounds "6"]
[EventCountry "FRA"]
[SourceTitle "EXT 2005"]
[Source "ChessBase"]
[SourceDate "2004.11.15"]
[SourceVersion "1"]
[SourceVersionDate "2004.11.15"]
[SourceQuality "1"]

1. d4 d5 2. c4 c6 3. cxd5 cxd5 4. Nf3 Nf6 5. Nc3 e6 6. e3 Be7 7. Bd3 0-0 8. 0-0 Nc6 9. Bd2 Re8 10. Rc1 Bf8 11. h3 e5 12. dxe5 Nxe5 13. Nxe5 Rxe5 14. Ne2 Ne4 15. Bc3 Nxc3 16. Rxc3 Bb4 17. Rc4 Bd6 18. Rf4 Rg5 19. Rf3 Qe7 20. Qc2 Rh5 21. Ng3 Qe5 22. Rc1 Bd7 23. Nxh5 Rc8 24. Qxc8+ Bxc8 25. Rxc8+ Bf8 26. Nf6+ 1-0

[Event "Ardennes-ch 0102"]
[Site "Ardennes"]
[Date "2001.??.??"]
[Round "?"]
[White "Louis, Denis"]
[Black "Prioux, Michel"]
[Result "0-1"]
[WhiteElo "1499"]
[BlackElo "1800"]
[PlyCount "48"]
[EventDate "2001.??.??"]
[EventType "swiss"]
[EventRounds "9"]
[EventCountry "FRA"]
[SourceTitle "EXT 2008"]
[Source "ChessBase"]
[SourceDate "2007.11.25"]
[SourceVersion "1"]
[SourceVersionDate "2007.11.25"]
[SourceQuality "1"]

1. e4 c5 2. Nf3 d6 3. Bc4 Nf6 4. Nc3 Nc6 5. 0-0 e6 6. Bb5 Bd7 7. d4 cxd4 8. Nxd4 Be7 9. Re1 e5 10. Nb3 0-0 11. Bc4 Rc8 12. Bg5 Ne8 13. Bxe7 Nxe7 14. Qd3 a6 15. Nd2 Bc6 16. Nf3 Qc7 17. Ng5 Nf6 18. Ne6 fxe6 19. Bxe6+ Kh8 20. Bxc8 Rxc8 21. Rad1 Rd8 22. Qg3 Ng6 23. Re3 Nf4 24. f3 Qb6 0-1